000 00319nam a22001337a 4500
008 170504b xxu||||| |||| 00| 0 eng d
020 _a9780130942012
041 _aeng
080 _26 ED
_a34
100 _a13
101 _aSHJ
245 _aINTRODUCTION TO GOUNSELING AND GUIDANCE
_cGIBSON.R.L
942 _2udc
_cBK
999 _c12622
_d12622